Valley business journal.

Bibliographic Details
Format: Journal
Language:English
Published: Harlingen, Tex. : Media Resources.
Subjects:

MARC

Tag First Indicator Second Indicator Subfields
LEADER 00000cas a2200000 4500
001 in00000358921
005 20151011063830.0
008 771111c19739999txumr p 0uuua0eng d
035 |a (OCoLC)03411734 
035 |9 ABN3192AM 
040 |c TXA  |d UtOrBLW 
049 |a TXAE 
090 |a HF5001  |b .V2 
245 0 0 |a Valley business journal. 
264 1 |a Harlingen, Tex. :  |b Media Resources. 
300 |b illustrations 
336 |a text  |b txt  |2 rdacontent 
337 |a unmediated  |b n  |2 rdamedia 
338 |a volume  |b nc  |2 rdacarrier 
362 0 |a 1973- 
650 0 |a Business  |v Periodicals. 
999 |a MARS 
999 f f |s 19b09ce2-5b06-3ad0-81bb-5b677a1b9a52  |i 253c3604-ba01-3e71-adb2-3c9c7974af4b  |t 0 
952 f f |p ric  |a Texas A&M University  |b Rellis Campus  |c Joint Library Facility  |d Remote Storage  |t 0  |e HF5001 .V2  |h Library of Congress classification  |i unmediated -- volume  |k 1974:Feb.-May.,July-Sept  |m A14842086671 
998 f f |a HF5001 .V2  |s 1974:Feb./Mar.  |t 0  |l Remote Storage